Tlenki na maturę z chemii - Statistics

General Stats
  • This quiz has been taken 5 times
  • The average score is 16 of 36
Answer Stats
Hint Answer % Correct
amfoteryczny / lekko zasadowy CuO
100%
zasadowy Na2O
100%
kwasowy B2O3
67%
zasadowy CaO
67%
obojętny CO
67%
kwasowy CO2
67%
inny (zbyt wiele unikalnych cech żeby tu napisać) Cu2O
67%
zasadowy K2O
67%
zasadowy Li2O
67%
amfoteryczny / lekko zasadowy MgO
67%
obojętny NO
67%
kwasowy NO2
67%
obojętny SiO
67%
amfoteryczny Al2O3
33%
amfoteryczny BeO
33%
kwasowy Cl2O6
33%
amfoteryczny Cr2O3
33%
zasadowy CrO
33%
amfoteryczny / lekko zasadowy FeO
33%
amfoteryczny / lekko zasadowy Mn2O3
33%
kwasowy Mn2O7
33%
zasadowy MnO
33%
amfoteryczny / lekko kwasowy MnO2
33%
obojętny N2O
33%
kwasowy N2O3
33%
kwasowy N2O5
33%
kwasowy P4O10
33%
kwasowy P4O6
33%
kwasowy SiO2
33%
kwasowy SO2
33%
kwasowy SO3
33%
amfoteryczny ZnO
33%
kwasowy Cl2O7
0%
kwasowy ClO2
0%
kwasowy CrO3
0%
amfoteryczny / lekko zasadowy Fe2O3
0%
No matching quizzes found
Score Distribution
Percent of People with Each Score
Percentile by Number Answered
Your Score History
You have not taken this quiz